Estatísticas para Diversos temas

Clique aqui para jogar o quiz

Estatísticas Gerais

  • Esse quiz foi jogado 50 vezes
  • A pontuação média é 8 de 15

Estatísticas das Respostas

HintResposta% Correto
Qual a capital de França?Paris
100%
Quantas cores tem o arco-íris?7
95%
Qual o símbolo químico da água?H2O
90%
Quantos são 10*10?100
88%
Qual o feriado que se celebra a 1 de Maio?Dia do trabalhador
88%
Em Portugal em que mês muda a hora?Outubro
62%
Quem é o fundador do Facebook?Mark Zuckerberg
52%
Em que ano Portugal ganho o euro contra a França?2016
50%
Quem canta a música drivers license?Olivia Rodrigo
43%
Quem foi o primeiro rei de Portugal?Afonso Henriques
19%
Qual o programas de talentos que ganhou o Diogo Piçarra?Ídolos
19%
Como se chama a filha do Tony carreira que morreu?Sara Carreira
19%
Qual é o desporto praticado pela Telma Monteiro?Judo
14%
Quem são os apresentadores do The Você?Catarina Furtado e Vasco Palmeirim
7%
Em que estação do ano as folhas das árvores mudam de cor?Outuno
5%

Distribuição das Pontuações

Percentil de Números Respondidos

Porcentagem de Pessoas com Cada Pontuação

Sua Pontuação Histórica

Você não jogou esse quiz